000 00730cam a22002653a 4500
001 28376
003 PGUSA
005 20140828083619.0
008 090320s2009||||xxu|||||s|||||000 1 eng d
040 _aPGUSA
_beng
042 _adc
050 4 _aPS
050 4 _aPZ
100 1 _aWarner, Susan,
_d1819-1885
245 1 4 _aThe Wide, Wide World
_h[electronic resource] /
_cSusan Warner
260 _bProject Gutenberg,
_c2009
506 _aPublic domain in the USA.
516 _aElectronic text
653 _aYoung women -- Fiction
653 _aChristian life -- Fiction
653 _aConduct of life -- Fiction
830 0 _aProject Gutenberg
_v28376
856 4 0 _uhttp://www.gutenberg.org/ebooks/28376
942 _cEB
999 _c257631
_d257631